[Event "Wch Seniors 23rd 2013"]
[Site "Rijeka"]
[Date "2013.11.21"]
[Round "9.18"]
[White "Wahlbom, Magnus"]
[Black "Vokoun, Jan"]
[Result "1/2-1/2"]
[WhiteElo "2304"]
[BlackElo "2185"]
[PlyCount "119"]
[EventDate "2013.11.12"]

1. e4 e5 2. Nf3 Nc6 3. Bb5 g6 4. O-O Bg7 5. Re1 Nge7 6. c3 O-O 7. d4 d6 8. h3
h6 9. Be3 a6 10. Bc4 d5 11. exd5 Nxd5 12. Bxd5 Qxd5 13. Nxe5 Nxe5 14. dxe5 Qxd1
15. Rxd1 g5 16. f4 gxf4 17. Bxf4 Be6 18. Nd2 Rad8 19. Nb3 Kh7 20. Rd4 b6 21.
Rad1 Rde8 22. Re1 a5 23. Bg3 Rg8 24. Kh2 Bf8 25. Bh4 Bg7 26. Nc1 Bf5 27. Bg3
Rc8 28. Rf1 Be6 29. a3 Bf8 30. Nd3 c5 31. Re4 Bd5 32. Re3 Be7 33. Nf4 Bc4 34.
Rf2 Bg5 35. Re4 b5 36. a4 Bxf4 37. Rexf4 Be6 38. axb5 c4 39. Rh4 Rb8 40. Rf6
Rg6 41. Bf4 Rxb5 42. Bxh6 Rxf6 43. Bf8+ Kg6 44. Rh6+ Kg5 45. Rxf6 Rxe5 46. Rf2
f5 47. Bd6 Rd5 48. Bf4+ Kg6 49. Rd2 Rxd2 50. Bxd2 Bd5 51. Kg3 Kf6 52. Kf2 Ke5
53. g3 Ke4 54. Bf4 a4 55. Bd6 Be6 56. Ke2 Bd7 57. Bf4 Be8 58. Kd2 Kf3 59. h4
Ke4 60. Ke2 1/2-1/2

[Event "Wch Seniors 23rd 2013"]
[Site "Rijeka"]
[Date "2013.11.21"]
[Round "9.19"]
[White "Serra Olives, Tomas"]
[Black "Piasetski, Leon"]
[Result "0-1"]
[WhiteElo "2169"]
[BlackElo "2288"]
[PlyCount "62"]
[EventDate "2013.11.12"]

1. e4 c5 2. Nf3 Nc6 3. d4 cxd4 4. Nxd4 Qb6 5. Nb3 Nf6 6. Nc3 e6 7. Be2 d6 8.
O-O Be7 9. Be3 Qc7 10. f4 a6 11. Bf3 Rb8 12. a4 b6 13. Kh1 O-O 14. Qe1 Re8 15.
Qg3 Nb4 16. Rf2 e5 17. f5 d5 18. Bh6 Bf8 19. exd5 Bxf5 20. Raf1 Bg6 21. Bg5 Bd6
22. Bxf6 e4 23. Qg4 h5 24. Qh4 exf3 25. Bd4 fxg2+ 26. Rxg2 Nxc2 27. Qg5 Nxd4
28. Nxd4 Qc4 29. Nde2 Re5 30. Qd2 Rbe8 31. b3 Qd3 0-1

[Event "Wch Seniors 23rd 2013"]
[Site "Rijeka"]
[Date "2013.11.21"]
[Round "9.20"]
[White "Toefferl, Heimo"]
[Black "Thormann, Wolfgang"]
[Result "1/2-1/2"]
[WhiteElo "2089"]
[BlackElo "2271"]
[PlyCount "66"]
[EventDate "2013.11.12"]

1. d4 Nf6 2. c4 d6 3. Nc3 Nbd7 4. e4 e5 5. d5 Be7 6. Bd3 c6 7. Nge2 O-O 8. O-O
Re8 9. Ng3 Bf8 10. Bg5 Nc5 11. Bc2 a5 12. b3 h6 13. Bd2 Bd7 14. a3 Na6 15. Rb1
g6 16. h3 Qc8 17. Kh2 g5 18. Qc1 Bg7 19. Nd1 cxd5 20. exd5 b6 21. Ne3 e4 22. f3
Nc5 23. b4 axb4 24. axb4 Nd3 25. Qd1 Ne5 26. Bxe4 Nxc4 27. Rc1 Nxe3 28. Bxe3
Qb7 29. Qd2 Re7 30. Rc2 Rae8 31. Rfc1 Ba4 32. Rc4 Bb5 33. R4c2 Ba4 1/2-1/2

[Event "Wch Seniors 23rd 2013"]
[Site "Rijeka"]
[Date "2013.11.21"]
[Round "9.21"]
[White "Kiefer, Gerhard"]
[Black "Furman, Boris"]
[Result "1/2-1/2"]
[WhiteElo "2271"]
[BlackElo "2194"]
[PlyCount "113"]
[EventDate "2013.11.12"]

1. e4 c5 2. Nf3 Nc6 3. d4 cxd4 4. Nxd4 Nf6 5. Nc3 d6 6. Bc4 e5 7. Nde2 Be6 8.
Bb3 Be7 9. Bg5 O-O 10. Bxf6 Bxf6 11. O-O Rc8 12. Nd5 Bg5 13. Qd3 Bxd5 14. Qxd5
Na5 15. Rfd1 Nxb3 16. Qxb3 Qc7 17. c3 Kh8 18. Rd5 Be7 19. Rad1 g6 20. Ng3 f5
21. exf5 gxf5 22. Qc2 f4 23. Nf5 Rf6 24. Qd3 Rd8 25. c4 b6 26. b4 Rdf8 27. Nxe7
Qxe7 28. c5 bxc5 29. bxc5 e4 30. cxd6 Qe6 31. Qd4 f3 32. Qe5 Qg4 33. Qg3 Qd7
34. Rg5 e3 35. gxf3 e2 36. Re1 Rxf3 37. Qe5+ R3f6 38. Rxe2 Qxd6 39. Qxd6 Rxd6
40. Kg2 Rg8 41. Rxg8+ Kxg8 42. Re4 Ra6 43. a4 Kf7 44. Kg3 Kf6 45. Rh4 Ra5 46.
Rb4 Kg6 47. f4 Kf6 48. Rc4 Kg6 49. Kg4 Kf6 50. Rc6+ Kg7 51. Rc7+ Kg6 52. Rc4
Kf6 53. h4 Kg6 54. h5+ Kf6 55. Rc6+ Kg7 56. h6+ Kf7 57. Rc4 1/2-1/2

[Event "Wch Seniors 23rd 2013"]
[Site "Rijeka"]
[Date "2013.11.21"]
[Round "9.22"]
[White "La Rota, Fabio"]
[Black "Vogel, Jaap"]
[Result "1-0"]
[WhiteElo "2258"]
[BlackElo "2191"]
[PlyCount "81"]
[EventDate "2013.11.12"]

1. e4 e6 2. Qe2 c5 3. g3 Nc6 4. Bg2 Be7 5. Nc3 d6 6. f4 a6 7. Nf3 b5 8. O-O b4
9. Nd1 Bb7 10. b3 Nf6 11. Bb2 O-O 12. Nf2 Qb6 13. Rfd1 a5 14. d4 d5 15. dxc5
Bxc5 16. Bxf6 gxf6 17. exd5 exd5 18. Ne1 Kh8 19. Ned3 Rae8 20. Qh5 Bd4 21. Rab1
Ba6 22. Rf1 Be3 23. Bh3 Nd4 24. Kg2 Bxf2 25. Rxf2 Bxd3 26. cxd3 Qc5 27. Rbb2
Re1 28. Qh6 Qe7 29. Qh5 Re8 30. Bg4 Kg7 31. Qxd5 Qa7 32. Bh5 R8e3 33. Rbd2 Rc1
34. Bxf7 Ree1 35. Bh5 Kh6 36. Bg4 Kg7 37. Kh3 Qb6 38. Bh5 Kh6 39. Bg4 Rg1 40.
Qf7 Rge1 41. Qf8+ 1-0

[Event "Wch Seniors 23rd 2013"]
[Site "Rijeka"]
[Date "2013.11.21"]
[Round "9.23"]
[White "Brinck-Claussen, Bjorn"]
[Black "Dogantug, Ahmet Ismail"]
[Result "1/2-1/2"]
[WhiteElo "2248"]
[BlackElo "2117"]
[PlyCount "93"]
[EventDate "2013.11.12"]

1. c4 c5 2. Nc3 Nc6 3. g3 g6 4. Bg2 Bg7 5. Nf3 d6 6. O-O e5 7. a3 Nge7 8. b4
O-O 9. Rb1 Bf5 10. d3 Qd7 11. Ng5 h6 12. Nge4 b6 13. Bxh6 Bh3 14. Qd2 Bxg2 15.
Kxg2 cxb4 16. axb4 d5 17. cxd5 Nxd5 18. Nxd5 Qxd5 19. f3 f6 20. Rfc1 Rf7 21.
Rc4 Nd4 22. Be3 Ne6 23. Qa2 Rd8 24. Qa6 Kh7 25. Rbc1 Bh6 26. Nc3 Qd7 27. Bxh6
Kxh6 28. Nb5 Nd4 29. Rc7 Qe6 30. Rxf7 Qxf7 31. Rc7 Qe8 32. Qb7 Qg8 33. Nxa7 g5
34. Qxb6 Kg6 35. Nc6 Re8 36. Nxd4 exd4 37. Rc2 Qd5 38. Qc5 Qb3 39. g4 Re5 40.
Qc4 Qb1 41. Ra2 Re8 42. e4 Rc8 43. Qxc8 Qxa2+ 44. Kg3 Qa1 45. Kf2 Qb2+ 46. Kg3
Qa1 47. Qg8+ 1/2-1/2

[Event "Wch Seniors 23rd 2013"]
[Site "Rijeka"]
[Date "2013.11.21"]
[Round "9.24"]
[White "Kiselev, Alexander"]
[Black "Medancic, Rikard"]
[Result "1-0"]
[WhiteElo "2113"]
[BlackElo "2244"]
[PlyCount "142"]
[EventDate "2013.11.12"]

1. e4 c5 2. b3 d6 3. Bb5+ Nc6 4. Bb2 Bd7 5. Nf3 e5 6. O-O Nf6 7. Re1 a6 8. Bf1
g6 9. c3 Bg7 10. d4 Qc7 11. dxe5 dxe5 12. b4 O-O 13. Nbd2 Rfd8 14. Qb3 Bf8 15.
Rac1 Be6 16. Bc4 Bxc4 17. Qxc4 b5 18. Qe2 c4 19. Rcd1 Rd3 20. Nb1 Rad8 21. Bc1
Rxd1 22. Rxd1 Rxd1+ 23. Qxd1 Nxe4 24. Qd5 Nf6 25. Qd1 Qd6 26. Qxd6 Bxd6 27. a4
Nd7 28. Kf1 Bc7 29. axb5 axb5 30. Bd2 f6 31. Na3 Na7 32. Be3 Bb6 33. Bxb6 Nxb6
34. Ke2 Nd5 35. Kd2 Kf7 36. Ne1 Ke6 37. Nec2 f5 38. g3 g5 39. f3 f4 40. g4 Nf6
41. Ke2 Kd5 42. h3 Kc6 43. Nb1 Nd5 44. Kd2 Nc8 45. Nba3 Nd6 46. Nb1 Kb6 47. Ne1
h6 48. Nc2 Kc7 49. Ke2 Kd7 50. Kf2 Ke6 51. Ke2 Kf6 52. Kf2 Kg6 53. Ke2 h5 54.
Kf2 hxg4 55. hxg4 Kf6 56. Ke2 Ke7 57. Kf2 Ke6 58. Ke2 Nc7 59. Nd2 Kd5 60. Nb1
e4 61. Nd4 exf3+ 62. Kxf3 Nf7 63. Ke2 Ne5 64. Nf3 Nxf3 65. Kxf3 Ne8 66. Na3 Nd6
67. Nb1 Nf7 68. Na3 Ne5+ 69. Ke2 Ke4 70. Nxb5 f3+ 71. Kf1 Nxg4 1-0

[Event "Wch Seniors 23rd 2013"]
[Site "Rijeka"]
[Date "2013.11.21"]
[Round "9.27"]
[White "Gundersen, Helge"]
[Black "Barle, Janez"]
[Result "1/2-1/2"]
[WhiteElo "2183"]
[BlackElo "2356"]
[PlyCount "55"]
[EventDate "2013.11.12"]

1. e4 Nc6 2. Nc3 e6 3. d4 Bb4 4. Nf3 d6 5. Bb5 Bd7 6. O-O Nge7 7. d5 Bxc3 8.
bxc3 exd5 9. exd5 Ne5 10. Bxd7+ Qxd7 11. Nxe5 dxe5 12. c4 O-O 13. f4 exf4 14.
Bxf4 Rad8 15. Qf3 Ng6 16. Bg3 f5 17. Rfe1 f4 18. Bf2 Rfe8 19. Bxa7 Qa4 20. Bf2
Qxc4 21. d6 Rxe1+ 22. Rxe1 cxd6 23. Qxb7 Qxa2 24. Qc7 Rf8 25. Bd4 Qf7 26. Qxd6
Qb7 27. Qe6+ Qf7 28. Kf2 1/2-1/2

[Event "Wch Seniors 23rd 2013"]
[Site "Rijeka"]
[Date "2013.11.21"]
[Round "9.31"]
[White "Jackson, Oliver A"]
[Black "Kolbak, Jens"]
[Result "1-0"]
[WhiteElo "2154"]
[BlackElo "2271"]
[PlyCount "97"]
[EventDate "2013.11.12"]

1. e4 e5 2. f4 exf4 3. Nf3 d5 4. exd5 Nf6 5. Bc4 Nxd5 6. O-O c6 7. Bb3 Be7 8.
c4 Nf6 9. d4 O-O 10. Bxf4 Bg4 11. Nc3 Nbd7 12. Qd2 Bxf3 13. Rxf3 Re8 14. Raf1
Nf8 15. Bc2 Ng6 16. Bg3 Qb6 17. c5 Qd8 18. b4 a5 19. a3 axb4 20. axb4 Bf8 21.
Rd1 Ra3 22. Qc1 Ra7 23. Qb1 Qa8 24. h4 Rd8 25. Rff1 Ra3 26. Bb3 Rd7 27. Be5 Nd5
28. Nxd5 cxd5 29. Bg3 Qd8 30. Qb2 Ra8 31. h5 Ne7 32. Qf2 f6 33. Bc2 Kh8 34. Bb1
Qe8 35. Qf3 Qf7 36. Bh4 Ng8 37. g4 Qe8 38. Rde1 Be7 39. g5 fxg5 40. Bxg5 Nf6
41. h6 Ne4 42. Rxe4 dxe4 43. Qxe4 Qg6 44. Qxe7 Rxe7 45. Bxg6 Re2 46. Bf7 Rb2
47. Bf4 b5 48. cxb6 Ra3 49. b7 1-0

[Event "Wch Seniors 23rd 2013"]
[Site "Rijeka"]
[Date "2013.11.21"]
[Round "9.32"]
[White "Neumann, Joachim"]
[Black "Frick, Christoph"]
[Result "1/2-1/2"]
[WhiteElo "2175"]
[BlackElo "2254"]
[PlyCount "33"]
[EventDate "2013.11.12"]

1. c4 d6 2. g3 e5 3. Bg2 Nc6 4. Nc3 g6 5. e4 Bg7 6. Nge2 f5 7. d3 Nh6 8. h4 Nf7
9. Nd5 Ne7 10. Nxe7 Qxe7 11. Be3 O-O 12. Qd2 c6 13. Nc3 Bd7 14. h5 a6 15. hxg6
hxg6 16. Na4 Be6 17. Nb6 1/2-1/2

[Event "Wch Seniors 23rd 2013"]
[Site "Rijeka"]
[Date "2013.11.21"]
[Round "9.33"]
[White "Vrhovnik, Damir"]
[Black "Gruzmann, Boris"]
[Result "1-0"]
[WhiteElo "2108"]
[BlackElo "2249"]
[PlyCount "99"]
[EventDate "2013.11.12"]

1. Nf3 g6 2. c4 Bg7 3. d4 Nf6 4. Nc3 d6 5. g3 O-O 6. Bg2 Nc6 7. O-O a6 8. b3
Rb8 9. a4 Bg4 10. Bb2 Qd7 11. Re1 h6 12. Qd2 Nh7 13. Nd5 Bxf3 14. Bxf3 Ng5 15.
Bg2 e6 16. h4 Nh7 17. Ne3 Ne7 18. Nc2 d5 19. Ba3 Rfd8 20. Bxe7 Qxe7 21. cxd5
exd5 22. Qa5 h5 23. Rad1 Bf8 24. e4 dxe4 25. Bxe4 Qd7 26. Ne3 Re8 27. Bf3 Bh6
28. Nc4 Rxe1+ 29. Qxe1 Re8 30. Qb4 b6 31. Ne5 Qe7 32. Qc4 Kg7 33. Qxa6 f6 34.
Nd3 Qd6 35. Qc4 Nf8 36. Kg2 Rd8 37. d5 Nd7 38. Re1 Ne5 39. Nxe5 fxe5 40. Qe4
Re8 41. Re2 Re7 42. Rc2 Qf6 43. b4 g5 44. Rc6 Qf7 45. hxg5 Bxg5 46. a5 bxa5 47.
bxa5 Bd2 48. a6 Ba5 49. a7 Re8 50. a8=Q 1-0

[Event "Wch Seniors 23rd 2013"]
[Site "Rijeka"]
[Date "2013.11.21"]
[Round "9.35"]
[White "Mclaren, Brian"]
[Black "Lederman, Leon"]
[Result "0-1"]
[WhiteElo "2158"]
[BlackElo "2245"]
[PlyCount "106"]
[EventDate "2013.11.12"]

1. g3 g6 2. Bg2 Bg7 3. e4 c5 4. Nc3 Nc6 5. d3 e6 6. Be3 Nd4 7. Nh3 Ne7 8. O-O
d6 9. Qd2 Rb8 10. Nd1 e5 11. f4 f6 12. c3 Ndc6 13. fxe5 Nxe5 14. Bh6 O-O 15.
Bxg7 Kxg7 16. Ne3 Bxh3 17. Bxh3 d5 18. exd5 Nxd5 19. Rad1 Re8 20. Nxd5 Qxd5 21.
Qf4 Qf7 22. d4 cxd4 23. Rxd4 Rbd8 24. b3 Nc6 25. Rxd8 Rxd8 26. Bg2 Qe6 27. h3
Rd7 28. Qe4 Qd6 29. Qe3 Re7 30. Qf2 b6 31. c4 Ne5 32. Bd5 h5 33. Kg2 b5 34. Rd1
bxc4 35. bxc4 Nxc4 36. Bf3 Qe5 37. Rc1 Ne3+ 38. Kg1 Nf5 39. Kg2 h4 40. g4 Qf4
41. Rc3 Ng3 42. Rb3 Kh6 43. Rd3 Rc7 44. Qd2 Qxd2+ 45. Rxd2 Kg5 46. Bd1 Kf4 47.
Rd8 Ne4 48. Rd4 Rc3 49. Ra4 Rg3+ 50. Kh2 Rd3 51. Bb3 Rd2+ 52. Kg1 Kf3 53. Ra5
Ng3 0-1

[Event "Wch Seniors 23rd 2013"]
[Site "Rijeka"]
[Date "2013.11.21"]
[Round "9.38"]
[White "Gamboa, Anibal"]
[Black "Lind, Jan-Olof"]
[Result "0-1"]
[WhiteElo "2096"]
[BlackElo "2238"]
[PlyCount "64"]
[EventDate "2013.11.12"]

1. b3 d6 2. Bb2 Nd7 3. g3 Ngf6 4. Bg2 g6 5. d3 Bg7 6. Nd2 O-O 7. Ngf3 e5 8. O-O
Nh5 9. e4 Qe8 10. Nc4 f5 11. exf5 gxf5 12. Ng5 Ndf6 13. Ne3 Kh8 14. a4 Qg6 15.
Nf3 f4 16. Nh4 Qg5 17. Nd5 Nxd5 18. Bxd5 c6 19. Bg2 Bg4 20. Nf3 Qf5 21. h3 Bxh3
22. Nh4 Qg4 23. Bxh3 Qxh3 24. Qxh5 Kg8 25. Qg5 f3 26. Qe3 Qg4 27. Qe4 Rf4 28.
Qe3 Raf8 29. Ng2 Qh3 30. Ne1 R8f6 31. Nxf3 Rxf3 32. Qe4 Rh6 0-1

[Event "Wch Seniors 23rd 2013"]
[Site "Rijeka"]
[Date "2013.11.21"]
[Round "9.39"]
[White "Chubar, Vladimir"]
[Black "Gergel, Vladimir P"]
[Result "0-1"]
[WhiteElo "2071"]
[BlackElo "2237"]
[PlyCount "46"]
[EventDate "2013.11.12"]

1. d4 d5 2. Nf3 c6 3. e3 Nf6 4. Bd3 Bg4 5. b3 Nbd7 6. Bb2 e6 7. Nbd2 Bd6 8. h3
Bh5 9. g4 Bg6 10. Ne5 Qc7 11. f4 Bb4 12. Bxg6 hxg6 13. c3 Be7 14. Qf3 a5 15. a4
Qb6 16. O-O Ne4 17. Nxe4 dxe4 18. Qg2 Nxe5 19. fxe5 Qxb3 20. Rfb1 Bg5 21. Kh2
Qd5 22. Re1 f5 23. Ba3 O-O-O {dirty manuscript} 0-1

[Event "Wch Seniors 23rd 2013"]
[Site "Rijeka"]
[Date "2013.11.21"]
[Round "9.40"]
[White "Moen, Ole Christian"]
[Black "Balmazi, Leon"]
[Result "1/2-1/2"]
[WhiteElo "2232"]
[BlackElo "2159"]
[PlyCount "59"]
[EventDate "2013.11.12"]

1. e4 d6 2. d4 Nf6 3. Nc3 g6 4. Nf3 Bg7 5. h3 O-O 6. Be3 c6 7. Qd2 Qa5 8. Bd3
e5 9. O-O Re8 10. dxe5 dxe5 11. a3 Nbd7 12. b4 Qc7 13. Bc4 Nb6 14. Bb3 Be6 15.
Qe2 h6 16. Rfd1 Rad8 17. a4 Nbd7 18. a5 Bxb3 19. cxb3 Bf8 20. Qc4 Qb8 21. Rd3
Rc8 22. b5 cxb5 23. Qxb5 a6 24. Qa4 Nc5 25. Bxc5 Bxc5 26. b4 Bd4 27. Nxd4 exd4
28. Nd5 Nxd5 29. exd5 Qe5 30. Rad1 1/2-1/2

[Event "Wch Seniors 23rd 2013"]
[Site "Rijeka"]
[Date "2013.11.21"]
[Round "9.41"]
[White "Krstic, Slobodan"]
[Black "Postler, Reinhard"]
[Result "0-1"]
[WhiteElo "2027"]
[BlackElo "2232"]
[PlyCount "66"]
[EventDate "2013.11.12"]

1. e4 c5 2. f4 e6 3. Nf3 a6 4. d3 d6 5. Be2 Nc6 6. c3 Nf6 7. Nbd2 Be7 8. Ng5
Qc7 9. O-O b5 10. Bf3 Bb7 11. Re1 Rd8 12. Nf1 h6 13. Nh3 d5 14. e5 Nd7 15. Be3
d4 16. cxd4 Nxd4 17. Bxd4 cxd4 18. Rc1 Qb8 19. Nd2 O-O 20. Nf2 Nb6 21. Bxb7
Qxb7 22. Qf3 Nd5 23. Nb3 Qb6 24. Qe4 a5 25. Rc2 Nb4 26. Rce2 a4 27. Nc1 Rc8 28.
f5 exf5 29. Qxf5 Bg5 30. Re4 Rxc1 31. Rxc1 Bxc1 32. Rg4 Be3 33. h4 Qe6 0-1

[Event "Wch Seniors 23rd 2013"]
[Site "Rijeka"]
[Date "2013.11.21"]
[Round "9.42"]
[White "Acers, Jude"]
[Black "Grabow, Pouelsten Holm"]
[Result "1-0"]
[WhiteElo "2230"]
[BlackElo "2157"]
[PlyCount "79"]
[EventDate "2013.11.12"]

1. d4 d5 2. Bg5 c6 3. Nc3 h6 4. Bh4 Qb6 5. Rb1 Bf5 6. e3 e6 7. Bd3 Bxd3 8. Qxd3
Nd7 9. f4 f5 10. g4 g6 11. Nf3 Be7 12. gxf5 gxf5 13. Ke2 Bxh4 14. Nxh4 Ne7 15.
Rhg1 Kf7 16. Kd2 Rag8 17. Qe2 Nf6 18. Nf3 Qb4 19. Ne5+ Ke8 20. a3 Qa5 21. b4
Qxa3 22. Rb3 Qa6 23. Qxa6 bxa6 24. Ra1 Nd7 25. Rxa6 Nxe5 26. dxe5 Rg2+ 27. Kd3
Rxh2 28. Rxa7 Kf7 29. Ne2 Rc8 30. Nd4 Rg2 31. Rc3 h5 32. Rxc6 Rxc6 33. Nxc6 h4
34. Nxe7 h3 35. Nxf5+ Kg8 36. Nh6+ Kf8 37. Rh7 Rg7 38. Rh8+ Ke7 39. Nf5+ exf5
40. Rxh3 1-0

[Event "Wch Seniors 23rd 2013"]
[Site "Rijeka"]
[Date "2013.11.21"]
[Round "9.44"]
[White "Hartung-Nielsen, Jens"]
[Black "Ashby, Anthony C"]
[Result "1-0"]
[WhiteElo "2219"]
[BlackElo "2121"]
[PlyCount "71"]
[EventDate "2013.11.12"]

1. d4 d5 2. Nf3 Nf6 3. e3 e6 4. Bd3 Bd6 5. b3 O-O 6. Bb2 c6 7. O-O Qc7 8. Ne5
Nbd7 9. f4 Ne4 10. Nd2 Nxd2 11. Qxd2 f5 12. c4 Nxe5 13. fxe5 Be7 14. Qc2 g6 15.
a4 Bd7 16. g4 Qd8 17. Kh1 Rc8 18. Rg1 Rf7 19. c5 Bf8 20. Raf1 Bg7 21. Bc3 Qe7
22. g5 Rcf8 23. Rf4 Rb8 24. Ba5 Bc8 25. Qd2 Kf8 26. Rh4 h5 27. Be2 Kg8 28. Rf4
Bf8 29. Bxh5 gxh5 30. g6 Rg7 31. Qe2 b6 32. Bb4 bxc5 33. Bxc5 Qe8 34. Qxh5 Bxc5
35. Rh4 Kf8 36. Qh8+ 1-0

[Event "Wch Seniors 23rd 2013"]
[Site "Rijeka"]
[Date "2013.11.21"]
[Round "9.46"]
[White "Hess, Christian"]
[Black "Tsomaia, Sergo"]
[Result "0-1"]
[WhiteElo "2285"]
[BlackElo "1859"]
[PlyCount "107"]
[EventDate "2013.11.12"]

1. Nf3 Nf6 2. c4 c5 3. Nc3 d5 4. cxd5 Nxd5 5. e3 Nc6 6. Bb5 Ndb4 7. d4 a6 8.
Bxc6+ Nxc6 9. d5 Na5 10. e4 g6 11. Be3 b6 12. O-O Bg7 13. Qc1 O-O 14. Bh6 Re8
15. Bxg7 Kxg7 16. Qf4 Ra7 17. Rad1 f6 18. Rfe1 Nc4 19. b3 Nd6 20. e5 Nf7 21. h3
Rf8 22. g4 g5 23. Qe3 Nh8 24. d6 exd6 25. Rxd6 Rd7 26. Rxd7+ Qxd7 27. exf6+
Rxf6 28. Qxg5+ Ng6 29. Nd5 Re6 30. Rxe6 Qxe6 31. Nf4 Qe4 32. Nh5+ Kf7 33. Qf6+
Ke8 34. Qc3 Kd8 35. Nf6 Qb1+ 36. Kh2 Qxa2 37. Qd3+ Kc7 38. Nd5+ Kb7 39. Kg3 Ka7
40. Ng5 Bb7 41. Nf3 Qb2 42. Qc3 Qe2 43. Qe3 Qd1 44. Nf4 Qd6 45. h4 a5 46. h5
Ne7 47. Nd2 h6 48. Nc4 Qf6 49. Qe6 Qxe6 50. Nxe6 a4 51. Na3 axb3 52. f4 c4 53.
Nd4 Ng8 54. Kh4 0-1

[Event "Wch Seniors 23rd 2013"]
[Site "Rijeka"]
[Date "2013.11.21"]
[Round "9.47"]
[White "Hjertenes, Oystein"]
[Black "Vikulov, Alexander"]
[Result "0-1"]
[WhiteElo "2102"]
[BlackElo "2290"]
[PlyCount "72"]
[EventDate "2013.11.12"]

1. Nf3 Nf6 2. g3 d5 3. c4 c5 4. Bg2 Nc6 5. cxd5 Nxd5 6. Nc3 Nc7 7. d3 e5 8. O-O
Be7 9. b3 O-O 10. Bb2 f6 11. Rc1 Be6 12. Qd2 Qd7 13. Rfd1 Rad8 14. Qe1 b6 15.
Qf1 Rfe8 16. h3 Bf8 17. Ne1 Nd4 18. Nc2 Bf5 19. e4 Be6 20. Nxd4 cxd4 21. Ne2
Na6 22. Rd2 Rc8 23. Kh2 Rc6 24. h4 Rec8 25. Rxc6 Qxc6 26. Bh3 Bxh3 27. Kxh3 Bb4
28. Rd1 Qe6+ 29. Kg2 Rc2 30. Rb1 Qg4 31. Nc1 Bd2 32. a3 Be3 33. Na2 Nc5 34. Nb4
Rxf2+ 35. Qxf2 Bxf2 36. Kxf2 a5 0-1

[Event "Wch Seniors 23rd 2013"]
[Site "Rijeka"]
[Date "2013.11.21"]
[Round "9.49"]
[White "Hammar, Bengt"]
[Black "Stull, Norbert"]
[Result "1-0"]
[WhiteElo "2231"]
[BlackElo "2075"]
[PlyCount "53"]
[EventDate "2013.11.12"]

1. e4 c5 2. Nf3 e6 3. d3 Nc6 4. g3 d5 5. Nbd2 Nf6 6. Bg2 Be7 7. O-O b6 8. Re1
Bb7 9. c3 O-O 10. e5 Nd7 11. d4 cxd4 12. cxd4 Rc8 13. a3 a5 14. Nf1 b5 15. h4
Nb6 16. Qd3 b4 17. Ng5 Bxg5 18. Bxg5 Qd7 19. a4 Na7 20. Qd1 Ba6 21. Nh2 f5 22.
exf6 gxf6 23. Bh6 Rfe8 24. Bh3 Rc6 25. Ng4 Qf7 26. Bg5 fxg5 27. Nh6+ 1-0

[Event "Wch Seniors 23rd 2013"]
[Site "Rijeka"]
[Date "2013.11.21"]
[Round "9.50"]
[White "Beltz, Robert"]
[Black "Zhukov, Viktor I"]
[Result "0-1"]
[WhiteElo "2208"]
[BlackElo "2069"]
[PlyCount "96"]
[EventDate "2013.11.12"]

1. Nf3 Nf6 2. c4 g6 3. b3 Bg7 4. Bb2 O-O 5. g3 c5 6. Bg2 Nc6 7. O-O d6 8. d3
Bd7 9. Nbd2 Qc8 10. Re1 e5 11. Ne4 Ne8 12. Nc3 Nc7 13. Nd2 f5 14. f4 Ne7 15. e3
Bc6 16. Nf3 Qd7 17. d4 exd4 18. exd4 Bxf3 19. Qxf3 Bxd4+ 20. Kh1 Nc6 21. Na4
Bxb2 22. Nxb2 Rad8 23. Na4 Rfe8 24. Qd1 Rxe1+ 25. Qxe1 b6 26. Nc3 Nd4 27. Kg1
Kf7 28. Kf2 b5 29. cxb5 Ncxb5 30. Nd5 Nc7 31. Ne3 Qb5 32. Bf1 Qc6 33. Bg2 Qa6
34. Qd2 Nce6 35. Bd5 Ke7 36. Bg2 Kd7 37. Nd5 h6 38. Ne3 g5 39. fxg5 hxg5 40.
Nd5 Ke8 41. Bf1 Qb7 42. Bg2 Kf8 43. h3 Qg7 44. Ne3 f4 45. Ng4 Qh7 46. gxf4 Nxf4
47. Kg3 Qh4+ 48. Kh2 Nxh3 0-1

[Event "Wch Seniors 23rd 2013"]
[Site "Rijeka"]
[Date "2013.11.21"]
[Round "9.51"]
[White "Chirinos, Cleren"]
[Black "Schouten, Nico"]
[Result "1-0"]
[WhiteElo "2059"]
[BlackElo "2201"]
[PlyCount "87"]
[EventDate "2013.11.12"]

1. c4 Nf6 2. Nf3 g6 3. Nc3 Bg7 4. d4 O-O 5. g3 c5 6. dxc5 Na6 7. Bg2 Nxc5 8.
O-O d6 9. Re1 Be6 10. Nd5 Rc8 11. Nd4 Bd7 12. Bg5 Nxd5 13. cxd5 h6 14. Be3 a5
15. Qd2 Kh7 16. Rac1 Qb6 17. Rc2 Qb4 18. Rd1 Qxd2 19. Rcxd2 a4 20. Rc2 Ra8 21.
Rc4 b5 22. Rc2 Bf6 23. Nc6 Bf5 24. Rxc5 dxc5 25. Bxc5 Rfe8 26. e4 Bg4 27. Rd2
Bd7 28. e5 Bg7 29. f4 Rac8 30. Bb6 e6 31. d6 f6 32. Bc7 fxe5 33. fxe5 h5 34.
Be4 Bh6 35. Rd3 Bf8 36. Rf3 Kg7 37. Rf6 Bxd6 38. Rxg6+ Kf7 39. Rf6+ Kg7 40.
Rg6+ Kf7 41. exd6 Bxc6 42. Bxc6 Rh8 43. Rg5 h4 44. Bb7 1-0

[Event "Wch Seniors 23rd 2013"]
[Site "Rijeka"]
[Date "2013.11.21"]
[Round "9.53"]
[White "Norman, Kenneth I"]
[Black "Doubleday, William G"]
[Result "1-0"]
[WhiteElo "2173"]
[BlackElo "2037"]
[PlyCount "95"]
[EventDate "2013.11.12"]

1. Nf3 d5 2. d4 c6 3. g3 Bg4 4. Bg2 e6 5. b3 Nf6 6. Bb2 Nbd7 7. O-O Bd6 8. c4
O-O 9. Nbd2 Qb8 10. h3 Bh5 11. Re1 Ne4 12. Nxe4 dxe4 13. Ng5 e3 14. f4 Bg6 15.
Rf1 Nf6 16. Qc1 h6 17. Nf3 Ne4 18. Qe1 Bh7 19. Bc1 Nxg3 20. Qxg3 Bxf4 21. Qe1
Be4 22. Qc3 f5 23. Bxe3 Bc7 24. Ne5 Bxe5 25. dxe5 Bxg2 26. Kxg2 g5 27. Rad1 Qe8
28. Bc5 Rf7 29. Qf3 Rg7 30. Kf2 h5 31. Rh1 h4 32. Rhg1 Qg6 33. Rd4 Qh6 34. Qd3
g4 35. e3 Qg5 36. Rf4 Rd8 37. Bd6 a6 38. Qd1 g3+ 39. Kg2 Qh6 40. Rgf1 Rf7 41.
e4 Rdd7 42. exf5 Rxf5 43. Qg4+ Rg7 44. Qxh4 Rh5 45. Rf8+ Kh7 46. Qe4+ Rf5 47.
R1xf5 exf5 48. Qxf5+ 1-0

[Event "Wch Seniors 23rd 2013"]
[Site "Rijeka"]
[Date "2013.11.21"]
[Round "9.54"]
[White "Markovic, Lazar"]
[Black "Spika, Ivica"]
[Result "1/2-1/2"]
[WhiteElo "2172"]
[BlackElo "2018"]
[PlyCount "56"]
[EventDate "2013.11.12"]

1. e4 c5 2. Nf3 d6 3. d4 cxd4 4. Nxd4 Nf6 5. Nc3 g6 6. Be2 Bg7 7. Be3 Nc6 8.
Qd2 O-O 9. f4 Ng4 10. Bxg4 Bxg4 11. h3 Bd7 12. O-O Na5 13. b3 Nc6 14. Rad1 Nxd4
15. Bxd4 Bxd4+ 16. Qxd4 Bc6 17. Nd5 Bxd5 18. exd5 Qc7 19. Rf2 f6 20. c4 Qc5 21.
Qe4 Rf7 22. Kf1 a5 23. Rb1 b6 24. Ke2 f5 25. Qe3 Qxe3+ 26. Kxe3 Rff8 27. Kd4
Rfc8 28. a3 Rc7 1/2-1/2

[Event "Wch Seniors 23rd 2013"]
[Site "Rijeka"]
[Date "2013.11.21"]
[Round "9.56"]
[White "Ladisic, Alex-Sacha"]
[Black "Kaminik, Aleksandar"]
[Result "1/2-1/2"]
[WhiteElo "1948"]
[BlackElo "2138"]
[PlyCount "60"]
[EventDate "2013.11.12"]

1. e4 e6 2. d4 d5 3. Nc3 Nf6 4. Bg5 Bb4 5. e5 h6 6. Bd2 Bxc3 7. bxc3 Ne4 8. Bd3
Nxd2 9. Qxd2 c5 10. Nf3 Nc6 11. O-O Qa5 12. dxc5 Qxc5 13. Rfe1 Bd7 14. Rab1 Na5
15. Nd4 Bc6 16. Nb3 Qa3 17. f4 Nc4 18. Qf2 Nb2 19. Bf1 Na4 20. Qd4 O-O 21. Bd3
b6 22. f5 exf5 23. Bxf5 Nc5 24. e6 fxe6 25. Bxe6+ Kh8 26. Bxd5 Bxd5 27. Qxd5
Qxa2 28. Ra1 Qxc2 29. Nxc5 Qf2+ 30. Kh1 Qxc5 1/2-1/2

[Event "Wch Seniors 23rd 2013"]
[Site "Rijeka"]
[Date "2013.11.21"]
[Round "9.57"]
[White "Strohbusch, Frank"]
[Black "Diaz Franco, Francisco Jorge"]
[Result "0-1"]
[WhiteElo "1855"]
[BlackElo "1966"]
[PlyCount "92"]
[EventDate "2013.11.12"]

1. e4 c6 2. d4 d5 3. e5 c5 4. dxc5 e6 5. b4 Nc6 6. Bb5 Qc7 7. Bb2 a5 8. a3 Nge7
9. Nf3 Bd7 10. Bxc6 Bxc6 11. O-O Ng6 12. Re1 b6 13. cxb6 Qxb6 14. c3 Be7 15.
Nbd2 O-O 16. Nb3 Ba4 17. Nfd2 Qc7 18. Qe2 Rfb8 19. Nd4 Bg5 20. g3 Qxe5 21. Qg4
Qf6 22. N2f3 Bh6 23. Rab1 Bd7 24. Qh5 Re8 25. Ne5 Nxe5 26. Rxe5 g6 27. Qe2 Bg7
28. Nf3 Qe7 29. Re3 Bh6 30. Bc1 Bxe3 31. Bxe3 e5 32. Bc5 Qf6 33. Qe3 Bc6 34.
Nd2 Qf5 35. Rc1 Qh3 36. f3 Re6 37. a4 axb4 38. cxb4 Rxa4 39. Rb1 d4 40. Qd3 Ra2
41. Rf1 Qf5 42. Qxf5 gxf5 43. Rf2 Ra1+ 44. Kg2 e4 45. Nb3 exf3+ 46. Kh3 Rh6#
0-1